00686nam a2200157Ia 4500008004100000020001500041040002900056050002000085100005000105245006800155260002800223942001000251952013400261952011800395999001500513230104s9999||||xx |||||||||||||| ||und|| a9966838104 cChuka University Library aQA276bN37 2004 aNassiuma, Dankit.K and Mwangi W. Jesse.93321 0aStatistical methods for information analysis : an introduction  aEGERTON bNAKURU c2004 cBK01 00102lcc40708LGLaCHKbCHKcGENd2023-01-04l1oQA.276.N37 2004p105/2006r2025-12-11 13:01:25s2025-12-11t1w2023-01-04yBK 00102lcc4070aCHKbCHKcGENd2024-06-26l0oQA.276.N37 2004p1200/2006r2024-06-26 00:00:00t4w2024-06-26yBK c5131d5131